000 00379 a2200145 4500
001 167101
020 _a
040 _cMagnum
100 _aBicudo, Maria Aparecida Viggiani (Org.)
240 1 0 _aNucleos de ensino: um projeto de educacao continuada
_lpor
245 1 0 _aNucleos de ensino: um projeto de educacao continuada
362 0 _a1899
697 _aENSINO
942 _cBK
999 _c167101
_d167101